[Event "ROM-ch U12 Girls"]
[Site "Baile Felix"]
[Date "2017.02.04"]
[Round "3"]
[White "Luchian, Diana Maria"]
[Black "Tudor, Alina Maria"]
[Result "1-0"]
[WhiteElo "1319"]
[BlackElo "1388"]
[PlyCount "107"]
[EventDate "2017.02.02"]
[EventType "swiss"]
[EventRounds "9"]
[EventCountry "ROU"]
[SourceTitle "CBM 176 Extra"]
[Source "ChessBase"]
[SourceDate "2017.03.02"]
[SourceVersion "1"]
[SourceVersionDate "2017.03.02"]
[SourceQuality "1"]

1. e4 e6 2. d3 d5 3. Nd2 c5 4. Ngf3 Nf6 5. g3 Be7 6. Bg2 0-0 7. 0-0 Nc6 8. Re1 Re8 9. e5 Nd7 10. Nf1 Nb6 11. h4 f6 12. Bf4 d4 13. N1h2 Nd5 14. Bd2 fxe5 15. Nxe5 Nxe5 16. Rxe5 Bf6 17. Re1 Rf8 18. Ng4 Bd7 19. h5 h6 20. Be4 Qc8 21. Qf3 Bg5 22. Qd1 Bxd2 23. Qxd2 Nf6 24. Nxf6+ Rxf6 25. a3 Bc6 26. b4 cxb4 27. Qxb4 Qd7 28. Rab1 a6 29. Bxc6 bxc6 30. Qb7 Qe8 31. Rb6 e5 32. Rxa6 Rd8 33. Ra7 Qf8 34. Rf1 Re8 35. Qb3+ Kh8 36. Qb4 Qg8 37. Re1 Rfe6 38. Re4 Qh7 39. Qb7 Qg8 40. Qf7 Qh7 41. f4 Qg8 42. Qxg8+ Kxg8 43. fxe5 Rxe5 44. Rxe5 Rxe5 45. a4 Kh7 46. a5 Rb5 47. Kg2 Rc5 48. a6 Rxc2+ 49. Kf3 Ra2 50. Ra8 g6 51. hxg6+ Kxg6 52. Ke4 Kf6 53. a7 Ke7 54. Rg8 1-0

[Event "ROM-ch U10 Girls"]
[Site "Calimanesti Caciulata"]
[Date "2016.04.23"]
[Round "7"]
[White "Fileru, Maria"]
[Black "Tudor, Alina Maria"]
[Result "1-0"]
[WhiteElo "1298"]
[BlackElo "1356"]
[PlyCount "65"]
[EventDate "2016.04.18"]
[EventType "swiss"]
[EventRounds "9"]
[EventCountry "ROU"]
[SourceTitle "CBM 172 Extra"]
[Source "ChessBase"]
[SourceDate "2016.06.21"]
[SourceVersion "1"]
[SourceVersionDate "2016.06.21"]
[SourceQuality "1"]

1. d4 d5 2. c4 e6 3. Nc3 Nf6 4. cxd5 exd5 5. Bg5 Be7 6. e3 0-0 7. Bd3 c6 8. Nf3 Nbd7 9. Qc2 b6 10. 0-0 h6 11. Bh4 Bb7 12. Rad1 Re8 13. Bf5 a5 14. Ne5 b5 15. f4 b4 16. Na4 Qc7 17. b3 Bd6 18. Rf3 Rab8 19. Qe2 Ra8 20. Bxd7 Nxd7 21. Nxd7 Ba6 22. Qf2 Qxd7 23. Nb6 Qc7 24. Nxa8 Rxa8 25. Re1 Bd3 26. Qg3 g5 27. Bxg5 hxg5 28. Qxg5+ Kf8 29. Rh3 Ke8 30. Rh8+ Bf8 31. Qh6 Qe7 32. Qxc6+ Kd8 33. Qxa8+ 1-0

[Event "ROM-ch U10 Girls"]
[Site "Calimanesti Caciulata"]
[Date "2016.04.22"]
[Round "6"]
[White "Tudor, Alina Maria"]
[Black "Ciapa, Ioana Antonia"]
[Result "1-0"]
[WhiteElo "1356"]
[BlackElo "1248"]
[PlyCount "131"]
[EventDate "2016.04.18"]
[EventType "swiss"]
[EventRounds "9"]
[EventCountry "ROU"]
[SourceTitle "CBM 172 Extra"]
[Source "ChessBase"]
[SourceDate "2016.06.21"]
[SourceVersion "1"]
[SourceVersionDate "2016.06.21"]
[SourceQuality "1"]

1. e4 e5 2. Nf3 Nc6 3. d4 exd4 4. Nxd4 Bc5 5. Nb3 Bb6 6. Nc3 Nge7 7. Qe2 0-0 8. Be3 Bxe3 9. Qxe3 Re8 10. 0-0-0 d6 11. f3 Be6 12. Nd4 Nxd4 13. Qxd4 Nc6 14. Qe3 Nb4 15. a3 Nc6 16. f4 d5 17. Ne2 Bg4 18. e5 Ne7 19. h3 Be6 20. Nd4 Nf5 21. Nxf5 Bxf5 22. Qb3 b6 23. Qxd5 Qxd5 24. Rxd5 Re6 25. Bc4 Rc6 26. Rd4 b5 27. Bb3 a5 28. Rd2 Rb6 29. Rhd1 h6 30. g4 Be6 31. Bxe6 Rxe6 32. Rd8+ Re8 33. Rxa8 Rxa8 34. Rd5 c6 35. Rc5 Rc8 36. a4 Rd8 37. axb5 cxb5 38. Rxb5 Rd4 39. Rxa5 Rxf4 40. Rc5 Rf1+ 41. Kd2 Rh1 42. Rc3 Rh2+ 43. Ke1 Rh1+ 44. Kf2 Ra1 45. b4 Ra4 46. b5 Ra8 47. b6 Rb8 48. Rc6 Kf8 49. Ke3 Ke7 50. Kd4 Kd7 51. Kc5 h5 52. Rc7+ Ke6 53. Kc6 g6 54. b7 f5 55. exf6 Kxf6 56. Rc8 Rxc8+ 57. bxc8Q Kg5 58. gxh5 Kxh5 59. Qg4+ Kh6 60. h4 Kh7 61. h5 gxh5 62. Qxh5+ Kg7 63. Qg5+ Kf7 64. Kd6 Kf8 65. Ke6 Ke8 66. Qg8# 1-0

[Event "ROM-ch U10 Girls"]
[Site "Calimanesti"]
[Date "2015.04.05"]
[Round "8"]
[White "Tocu, Delia Georgiana"]
[Black "Tudor, Alina Maria"]
[Result "0-1"]
[WhiteElo "1049"]
[BlackElo "1263"]
[PlyCount "132"]
[EventDate "2015.03.30"]
[EventType "swiss"]
[EventRounds "9"]
[EventCountry "ROU"]
[SourceTitle "CBM 165 Extra"]
[Source "ChessBase"]
[SourceDate "2015.04.21"]
[SourceVersion "1"]
[SourceVersionDate "2015.04.21"]
[SourceQuality "1"]

1. e4 e6 2. d4 d5 3. e5 c5 4. c3 Bd7 5. Nf3 Nc6 6. Be3 f6 7. Be2 fxe5 8. dxe5 Qc7 9. Bf4 0-0-0 10. 0-0 Nh6 11. Re1 Nf7 12. Bd3 c4 13. Bc2 Bc5 14. b3 Qb6 15. Re2 cxb3 16. axb3 d4 17. Nxd4 Nxd4 18. cxd4 Bxd4 19. Ra2 Bb5 20. Rd2 Bxe5 21. Bxe5 Nxe5 22. Be4 Rxd2 23. Qxd2 Rd8 24. Qc2+ Kb8 25. Bxh7 Qd6 26. h3 g6 27. Bxg6 Nxg6 28. Qxg6 Bd3 29. Qg3 Qxg3 30. fxg3 Bxb1 31. Re2 Re8 32. g4 e5 33. h4 Kc7 34. Kh2 Kd6 35. Kg3 Rg8 36. g5 Bf5 37. Rd2+ Ke6 38. b4 e4 39. Kf2 Kf7 40. Ra2 a6 41. Ra5 Kg6 42. b5 axb5 43. Rxb5 Rb8 44. Rb6+ Kg7 45. h5 Kh7 46. Rf6 Bg4 47. Rf7+ Kg8 48. Rf4 Bxh5 49. Rxe4 Bg6 50. Rh4 b5 51. Rh6 Kg7 52. Rh3 b4 53. Rb3 Bf7 54. Rb2 b3 55. Kg3 Ra8 56. Kf4 Ra2 57. Rxb3 Bxb3 58. g4 Kg6 59. Kg3 Kxg5 60. Kf3 Be6 61. Kg3 Ra3+ 62. Kh2 Kxg4 63. Kh1 Ra2 64. Kg1 Kf3 65. Kh1 Kg3 66. Kg1 Ra1# 0-1